Diversidades en crisis (Registro nro. 437153)

Detalles MARC
000 -LÍDER
Campo fijo de descripción fija 00969nam a22002537a 4500
003 - IDENTIFICADOR DEL NÚMERO DE CONTROL
Campo de control BCEG
005 - FECHA Y HORA DE LA ULTIMA TRANSACCIÓN
control field 20260327154549.0
008 - ELEMENTOS DE LONGITUD FIJA -- INFORMACIÓN GENERAL
Campo fijo de descripción fija -- Información general 260327s2019 mx |||||||||||||||||spa d
020 ## - ISBN
Isbn 9786075393438
040 ## - FUENTE DE CATALOGACIÓN
Agencia de catalogación original BCEG
Idioma de catalogación spa
Agencia que realiza la transcripción BCEG
082 ## - NÚMERO DE CLASIFICACIÓN DECIMAL DEWEY
Número de clasificación 305.897274
Clave de autor-Numero de item D618t
245 10 - TÍTULO PROPIAMENTE DICHO
Título Diversidades en crisis
Otra información sobre el título - Subtitulo : transformaciones socioambientales en regiones indígenas y afromexicanas de Oaxaca.
260 ## - PUBLICACIÓN, DISTRIBUCIÓN, ETC. (PIE DE IMPRENTA)
Lugar de publicación, distribución, etc. Ciudad de México :
Nombre del editor, distribuidor, etc. Secretaría de Cultura, Instituto Nacional de Antropología e Historia,
Fecha de publicación, distribución, etc. 2019.
300 ## - DESCRIPCIÓN FÍSICA
Extensión 230 p.
490 ## - MENCIÓN DE SERIE
Mención de serie Etnografía de los Pueblos Indígenas de México. Estudios Monográficos.
504 ## - NOTA DE BIBLIOGRAFÍA, ETC.
Nota de bibliografía, etc Incluye bibliografía.
541 ## - NOTA DE FUENTE INMEDIATA DE ADQUISICIÓN
Nota de fuente de adquisición Compra.
650 ## - ASIENTO SECUNDARIO DE MATERIA - TERMINO TEMÁTICO
Término temático o nombre geográfico como elemento de entrada Indios de México
Subdivisión general Civilización
Subdivisión de forma Vida social y costumbres.
650 ## - ASIENTO SECUNDARIO DE MATERIA - TERMINO TEMÁTICO
Término temático o nombre geográfico como elemento de entrada Afrodescendientes
Subdivisión cronológica Oaxaca (México).
651 ## - ENCABEZAMIENTO DE MATERIA -- NOMBRE GEOGRÁFICO
Nombre geográfico Oaxaca (México)
Subdivisión general Influencias africana.
700 1# - ASIENTO SECUNDARIO - NOMBRE PERSONAL
Nombre personal Trejo, Leopoldo,
Función o responsabilidad del autor coord.
700 1# - ASIENTO SECUNDARIO - NOMBRE PERSONAL
Nombre personal Masferrer León, Cristina V.,
Función o responsabilidad del autor coord.
942 ## - TIPO DE MATERIAL (KOHA)
Tipo de Item KOHA Libro
Existencias
No para Préstamo Colección Biblioteca de Origen Biblioteca Permanente Fecha de Adquisición Fuente de Adquisicion Total de Préstamos Signatura Topográfica Código de Barras Última vez visto Tipo de Material
Material en Reserva General Biblioteca Central Estatal de Guanajuato, "Wigberto Jiménez Moreno" Biblioteca Central Estatal de Guanajuato, "Wigberto Jiménez Moreno" 27/03/2026 COMPRA-2025   305.897274 D618t BCEG8655231095 27/03/2026 Libro